00258nam a2200109Ia 4500008004100000100001600041245003200057260002100089650001400110942000700124999001700131190216s9999||||xx |||||||||||||| ||und|| aKurup K K N 2aA C Kannan Nair Oru Padanam bBhasha Institute aPsycology cBK c40416d40416